| 000 | 00952naa a22002657a 4500 | ||
|---|---|---|---|
| 001 | BR7314489 | ||
| 003 | BR-BrBNA | ||
| 005 | 20240918173540.0 | ||
| 007 | ta | ||
| 008 | 230509b bl.||||| |||| 00| 0 por d | ||
| 040 |
_aBR-BrBNA _bpor _cBiblioteca Nacional de Agricultura |
||
| 041 | _a(Pt) | ||
| 072 |
_aQ10 _b2110 |
||
| 090 | _aQ10 BR7314489 | ||
| 100 | 1 | _aMiranda, S. da S. | |
| 111 | 1 |
_a6. Reuniao do Comite Tecnico Interamericano de Cacau _cSalvador, BA (Brazil) _d20 May 1956 |
|
| 245 | 1 | _aExperimento sobre fermentacao de cacau | |
| 260 | 3 |
_aSalvador, BA (Brasil): _c1956. |
|
| 500 | _a6. Reuniao do Comite Tecnico Interamericano de Cacau Salvador, BA (Brasil): 1956. p. 151-155 (BR7314489-AM)Q10 | ||
| 650 | _aCACAU | ||
| 650 | _aFERMENTACAO | ||
| 773 | 0 |
_t6. Reuniao do Comite Tecnico Interamericano de Cacau _wQ10 BR7314489 _gSalvador, BA (Brasil), 1956. p. 151-155 |
|
| 909 |
_a202404 _bLucia _c55 _dLucia Elande |
||
| 942 |
_cAM _2AGRIS |
||
| 999 |
_c305318 _d305318 |
||